|
|
|
|
| LEADER |
01303nam a2200325 a 4500 |
| 001 |
32317 |
| 003 |
BD-DhAAL |
| 005 |
20171120102313.0 |
| 008 |
171120s2011 maua 001 0 eng |
| 999 |
|
|
|c 38574
|d 38574
|
| 010 |
|
|
|a 94030894
|
| 020 |
|
|
|a 9780465025275
|
| 020 |
|
|
|a 9780465025299 (E-book)
|
| 020 |
|
|
|a 0201409550
|
| 040 |
|
|
|a DLC
|c DLC
|d DLC
|d BD-DhAAL
|
| 050 |
0 |
0 |
|a QC21.2
|b .F52 1995
|
| 082 |
0 |
0 |
|a 530
|2 20
|
| 100 |
1 |
|
|a Feynman, Richard P.
|q (Richard Phillips),
|d 1918-1988.
|9 23760
|
| 245 |
1 |
0 |
|a Six easy pieces :
|b essentials of physics, explained by its most brilliant teacher /
|c Richard P. Feynman ; originally prepared for publication by Robert B. Leighton and Matthew Sands; new introduction by Paul Davies.
|
| 260 |
|
|
|a Basic Books :
|b New York,
|c c2011
|
| 300 |
|
|
|a xxix, 145 pages :
|b illustrations ;
|c 24 cm.
|
| 500 |
|
|
|a Includes index.
|
| 526 |
|
|
|a MNS
|
| 541 |
|
|
|a STS International
|e 32317
|
| 650 |
0 |
0 |
|a Physics.
|9 23761
|
| 700 |
1 |
|
|a Leighton, Robert B.
|9 23762
|
| 700 |
1 |
|
|a Sands, Matthew L.
|q (Matthew Linzee)
|9 23763
|
| 740 |
0 |
|
|a 6 easy pieces.
|
| 942 |
|
|
|2 ddc
|c BK
|
| 952 |
|
|
|0 0
|1 0
|2 ddc
|4 0
|6 530_000000000000000_FEY
|7 0
|9 61866
|a BRACUL
|b BRACUL
|c GEN
|d 2017-11-14
|e STS International
|g 1499.00
|l 17
|m 149
|o 530 FEY
|p 3010032317
|r 2025-10-07
|s 2025-07-12
|t 1
|v 1499.00
|w 2017-11-14
|y BK
|